[Event "SVK-chT2B 2223"]
[Site "Slovakia"]
[Date "2022.11.26"]
[Round "5.6"]
[White "Dvorsky, Jozef"]
[Black "Egyed, Judit"]
[Result "1/2-1/2"]
[WhiteElo "1966"]
[BlackElo "2051"]
[PlyCount "76"]
[EventDate "2022.10.08"]
[EventType "team-tourn"]
[EventRounds "11"]
[EventCountry "SVK"]
[SourceTitle "EXT 2024"]
[Source "ChessBase"]
[SourceDate "2023.10.10"]
[SourceVersion "1"]
[SourceVersionDate "2023.10.10"]
[SourceQuality "1"]
[WhiteTeam "Batorove Kosihy"]
[BlackTeam "Komarno II"]
[WhiteTeamCountry "SVK"]
[BlackTeamCountry "SVK"]

1. e4 c5 2. Nf3 d6 3. c4 e5 4. Nc3 Nf6 5. d3 h6 6. Be2 Nc6 7. 0-0 Be6 8. Ne1 g5 9. Nc2 Qd7 10. a3 Bg7 11. b4 0-0 12. bxc5 dxc5 13. Rb1 Ne7 14. Ne3 Ng6 15. Ncd5 Nf4 16. Nxf6+ Bxf6 17. Nd5 Bg7 18. a4 f5 19. Rb5 Rac8 20. Be3 b6 21. a5 Nxe2+ 22. Qxe2 f4 23. Bc1 f3 24. gxf3 Bxd5 25. exd5 Qh3 26. axb6 axb6 27. Be3 Rxf3 28. Kh1 Rcf8 29. Rg1 R8f6 30. Rbb1 Qf5 31. Rg3 Rxg3 32. hxg3 h5 33. Kg2 h4 34. Rh1 Qg6 35. Qg4 hxg3 36. Kxg3 Qxd3 37. Rh5 Qb1 38. Kg2 Qf5 1/2-1/2

[Event "SVK-chT1W 2122"]
[Site "Slovakia"]
[Date "2022.04.23"]
[Round "8.6"]
[White "Petrik, Stanislav"]
[Black "Dvorsky, Jozef"]
[Result "0-1"]
[WhiteElo "2118"]
[BlackElo "1936"]
[PlyCount "80"]
[EventDate "2021.11.06"]
[EventType "team-tourn"]
[EventRounds "11"]
[EventCountry "SVK"]
[SourceTitle "EXT 2023"]
[Source "ChessBase"]
[SourceDate "2022.10.05"]
[SourceVersion "1"]
[SourceVersionDate "2022.10.05"]
[SourceQuality "1"]
[WhiteTeam "Bratislava Doprastav"]
[BlackTeam "Batorove Kosihy"]
[WhiteTeamCountry "SVK"]
[BlackTeamCountry "SVK"]

1. e4 c5 2. Nf3 Nc6 3. Bb5 g6 4. 0-0 Bg7 5. c3 a6 6. Ba4 b5 7. Bc2 d6 8. h3 e5 9. a4 Rb8 10. Re1 Nge7 11. Na3 0-0 12. d3 h6 13. Bd2 f5 14. axb5 axb5 15. b4 cxb4 16. cxb4 g5 17. exf5 Bxf5 18. d4 g4 19. Bxf5 gxf3 20. Be6+ Kh8 21. Nc2 exd4 22. Ra3 fxg2 23. Rg3 Rf6 24. Bc1 Qf8 25. Rxg2 d3 26. Na3 Ne5 27. Bg4 N7g6 28. Rf1 Rb7 29. Be3 Nf4 30. Rg3 Qf7 31. Qd2 h5 32. Bd1 h4 33. Rg5 Nxh3+ 34. Kg2 Nxg5 35. Bxg5 Rf5 36. f4 Qg6 37. Rh1 Nc4 38. Rxh4+ Kg8 39. Qxd3 Rxg5+ 40. fxg5 Qxd3 0-1

[Event "SVK-chT1W 2122"]
[Site "Slovakia"]
[Date "2022.02.26"]
[Round "3.5"]
[White "Dlhy, Jozef"]
[Black "Dvorsky, Jozef"]
[Result "1/2-1/2"]
[WhiteElo "2055"]
[BlackElo "1936"]
[PlyCount "89"]
[EventDate "2021.11.06"]
[EventType "team-tourn"]
[EventRounds "11"]
[EventCountry "SVK"]
[SourceTitle "EXT 2023"]
[Source "ChessBase"]
[SourceDate "2022.10.05"]
[SourceVersion "1"]
[SourceVersionDate "2022.10.05"]
[SourceQuality "1"]
[WhiteTeam "Nitra NSK"]
[BlackTeam "Batorove Kosihy"]
[WhiteTeamCountry "SVK"]
[BlackTeamCountry "SVK"]

1. d4 f5 2. c4 Nf6 3. Nc3 e6 4. Nf3 d5 5. Bf4 Bd6 6. Bxd6 Qxd6 7. e3 c6 8. Ne5 Nbd7 9. f4 0-0 10. Be2 Ne4 11. Nxe4 fxe4 12. c5 Qe7 13. 0-0 Nxe5 14. fxe5 Rxf1+ 15. Qxf1 Bd7 16. Qf4 Rf8 17. Qg3 b6 18. Rc1 b5 19. Rf1 Rxf1+ 20. Bxf1 g6 21. h4 Kg7 22. Be2 h6 23. Kf2 Qf8+ 24. Ke1 Qd8 25. Kd1 Be8 26. Bg4 Bf7 27. Qf2 Kg8 28. g3 Kg7 29. Kc1 Kg8 30. Bd1 Kg7 31. a4 a6 32. axb5 axb5 33. g4 Kg8 34. Kb1 Qa5 35. g5 hxg5 36. hxg5 Qd8 37. Qf6 Qa5 38. Qf2 Qd8 39. Qg3 Qa5 40. Bg4 Qd2 41. Qf4 b4 42. Ka2 Qc2 43. Bxe6 Bxe6 44. Qf6 Bf7 45. e6 1/2-1/2

[Event "SVK-chT1W 1920"]
[Site "Slovakia"]
[Date "2019.11.10"]
[Round "4.5"]
[White "Gasa, Andrej"]
[Black "Dvorsky, Jozef"]
[Result "1-0"]
[WhiteElo "2221"]
[BlackElo "1995"]
[PlyCount "73"]
[EventDate "2019.10.12"]
[EventType "team-tourn"]
[EventRounds "11"]
[EventCountry "SVK"]
[SourceTitle "CBM 193 Extra"]
[Source "ChessBase"]
[SourceDate "2020.01.31"]
[SourceVersion "1"]
[SourceVersionDate "2020.01.31"]
[SourceQuality "1"]
[WhiteTeam "Osuske"]
[BlackTeam "Batorove Kosihy"]
[WhiteTeamCountry "SVK"]
[BlackTeamCountry "SVK"]

1. e4 c5 2. Nf3 Nc6 3. Bb5 g6 4. Bxc6 bxc6 5. 0-0 Bg7 6. Re1 d6 7. h3 e6 8. c3 Ne7 9. d4 cxd4 10. cxd4 0-0 11. Nc3 d5 12. Bg5 f6 13. Bf4 Rf7 14. Qd2 g5 15. Bh2 h6 16. Rac1 Bf8 17. exd5 exd5 18. Na4 Bf5 19. Nc5 Qc8 20. Rc3 h5 21. Bg3 h4 22. Bh2 Rh7 23. Rce3 g4 24. hxg4 Bxg4 25. Ne6 Bh6 26. Bf4 h3 27. Nh2 Bxe6 28. Rxe6 Nf5 29. Ng4 Bg7 30. Qd3 Rh5 31. gxh3 Kf7 32. Qc3 Qh8 33. Qxc6 Nxd4 34. Qd7+ Kg6 35. R6e3 Rxh3 36. Rxh3 Qxh3 37. Ne5+ 1-0

[Event "SVK-chT1W 1920"]
[Site "Slovakia"]
[Date "2019.10.13"]
[Round "2.4"]
[White "Bombek, Peter"]
[Black "Dvorsky, Jozef"]
[Result "1-0"]
[WhiteElo "2151"]
[BlackElo "1995"]
[PlyCount "91"]
[EventDate "2019.10.12"]
[EventType "team-tourn"]
[EventRounds "11"]
[EventCountry "SVK"]
[SourceTitle "CBM 193 Extra"]
[Source "ChessBase"]
[SourceDate "2020.01.31"]
[SourceVersion "1"]
[SourceVersionDate "2020.01.31"]
[SourceQuality "1"]
[WhiteTeam "Dubnica nad Vahom II"]
[BlackTeam "Batorove Kosihy"]
[WhiteTeamCountry "SVK"]
[BlackTeamCountry "SVK"]

1. e4 c5 2. c3 e6 3. Nf3 d5 4. exd5 exd5 5. d4 Nc6 6. Bb5 a6 7. Bxc6+ bxc6 8. 0-0 Bd6 9. dxc5 Bxc5 10. Bg5 f6 11. Re1+ Ne7 12. Be3 Bd6 13. Nbd2 0-0 14. Nb3 Bg4 15. h3 Bh5 16. Nc5 Qc8 17. Bd4 Re8 18. Qd3 Bg6 19. Qd2 Bf5 20. Nh2 Ng6 21. Rxe8+ Qxe8 22. Re1 Qc8 23. Qe2 Nf4 24. Qf3 Qb8 25. g4 Bxc5 26. gxf5 Bd6 27. b4 a5 28. a3 axb4 29. axb4 Ra2 30. Nf1 Kf7 31. Be3 Ra7 32. Bxf4 Bxf4 33. Qh5+ Kf8 34. Qxh7 Ra3 35. Qh8+ Kf7 36. Qh5+ Kf8 37. Ne3 Rxc3 38. Qh8+ Kf7 39. Qh5+ Kf8 40. Ng4 d4 41. Qh8+ Kf7 42. Qh5+ Kf8 43. Re6 Be5 44. Qh8+ Kf7 45. Nh6+ gxh6 46. Rxf6+ 1-0

[Event "SVK-chT1W 1819"]
[Site "Slovakia"]
[Date "2019.01.13"]
[Round "6.7"]
[White "Urban, Gabor"]
[Black "Dvorsky, Jozef"]
[Result "1/2-1/2"]
[WhiteElo "1975"]
[BlackElo "2005"]
[PlyCount "70"]
[EventDate "2018.10.27"]
[EventType "team-tourn"]
[EventRounds "11"]
[EventCountry "SVK"]
[SourceTitle "CBM 188 Extra"]
[Source "ChessBase"]
[SourceDate "2019.02.26"]
[SourceVersion "1"]
[SourceVersionDate "2019.02.26"]
[SourceQuality "1"]
[WhiteTeam "Batorove Kosihy"]
[BlackTeam "Gabcikovo MSK"]
[WhiteTeamCountry "SVK"]
[BlackTeamCountry "SVK"]

1. c4 f5 2. Nc3 Nf6 3. d4 e6 4. g3 d5 5. Bg2 c6 6. c5 b6 7. cxb6 axb6 8. Nf3 Bd6 9. 0-0 0-0 10. Rb1 Ne4 11. Qc2 Qe7 12. a3 Ba6 13. Ne5 Rc8 14. f3 Nxc3 15. bxc3 c5 16. Qb2 Nd7 17. Bf4 cxd4 18. cxd4 Nxe5 19. Bxe5 Bxa3 20. Qxb6 Bxe2 21. Rfe1 Bc4 22. Re3 Ra6 23. Qb7 Qxb7 24. Rxb7 Bf8 25. Re1 Rca8 26. h4 g6 27. Bf6 Bh6 28. f4 Bf8 29. Reb1 Ra1 30. Rxa1 Rxa1+ 31. Kf2 Bd3 32. Be5 Ra2+ 33. Kg1 Be4 34. Bxe4 dxe4 35. Rb8 Ra7 1/2-1/2

[Event "SVK-chT1W 1718"]
[Site "Slovakia"]
[Date "2018.02.18"]
[Round "9.6"]
[White "Hrstka, Samuel"]
[Black "Dvorsky, Jozef"]
[Result "1/2-1/2"]
[WhiteElo "1918"]
[BlackElo "1983"]
[PlyCount "32"]
[EventDate "2017.10.21"]
[EventType "team-tourn"]
[EventRounds "11"]
[EventCountry "SVK"]
[SourceTitle "EXT 2019"]
[Source "ChessBase"]
[SourceDate "2018.10.10"]
[SourceVersion "1"]
[SourceVersionDate "2018.10.10"]
[SourceQuality "1"]
[WhiteTeam "Nitra ASK"]
[BlackTeam "Gabcikovo Russel"]
[WhiteTeamCountry "SVK"]
[BlackTeamCountry "SVK"]

1. e4 c5 2. Nf3 Nc6 3. d4 cxd4 4. Nxd4 e5 5. Nb5 a6 6. Nd6+ Bxd6 7. Qxd6 Qf6 8. Qd1 Qg6 9. Nc3 d5 10. Nxd5 Qxe4+ 11. Ne3 Nf6 12. Bd3 Qd4 13. c3 Qc5 14. Qe2 Be6 15. 0-0 0-0 16. b4 Qe7 1/2-1/2

[Event "SVK-chT4 A22 1718"]
[Site "Slovakia"]
[Date "2018.01.28"]
[Round "8.2"]
[White "Sarmir, Milos"]
[Black "Dvorsky, Jozef"]
[Result "0-1"]
[WhiteElo "2076"]
[BlackElo "1978"]
[PlyCount "66"]
[EventDate "2017.10.01"]
[EventType "team-tourn"]
[EventRounds "11"]
[EventCountry "SVK"]
[SourceTitle "EXT 2020"]
[Source "ChessBase"]
[SourceDate "2019.10.17"]
[SourceVersion "1"]
[SourceVersionDate "2019.10.17"]
[SourceQuality "1"]

1. e4 c5 2. Nf3 Nc6 3. d4 cxd4 4. Nxd4 e5 5. Nb5 a6 6. Nd6+ Bxd6 7. Qxd6 Qf6 8. Qa3 Qg6 9. f3 d5 10. Nd2 Nge7 11. Qc5 0-0 12. exd5 b6 13. Qf2 Nxd5 14. Bd3 f5 15. Bc4 Be6 16. c3 e4 17. Bxd5 Bxd5 18. 0-0 Rae8 19. Qxb6 e3 20. Qc5 Re5 21. Nb3 Bxf3 22. Rxf3 Rxc5 23. Nxc5 f4 24. b3 Ne5 25. Rxe3 fxe3 26. Bxe3 h5 27. h3 Nf3+ 28. Kh1 Nh4 29. Rg1 Re8 30. Bf2 Nf5 31. Re1 Rxe1+ 32. Bxe1 Ne3 33. g3 Qc2 0-1

[Event "SVK-chT1W 1718"]
[Site "Slovakia"]
[Date "2017.11.04"]
[Round "3.8"]
[White "Dvorsky, Jozef"]
[Black "Meszaros, Norbert"]
[Result "1-0"]
[WhiteElo "1983"]
[BlackElo "2120"]
[PlyCount "113"]
[EventDate "2017.10.21"]
[EventType "team-tourn"]
[EventRounds "11"]
[EventCountry "SVK"]
[SourceTitle "CBM 181 Extra"]
[Source "ChessBase"]
[SourceDate "2017.12.12"]
[SourceVersion "1"]
[SourceVersionDate "2017.12.12"]
[SourceQuality "1"]
[WhiteTeam "Gabcikovo Russel"]
[BlackTeam "Bratislava Lokomotiva"]
[WhiteTeamCountry "SVK"]
[BlackTeamCountry "SVK"]

1. e4 c5 2. Nf3 e6 3. c4 a6 4. d4 cxd4 5. Nxd4 Nf6 6. Nc3 Bb4 7. Bd3 Bxc3+ 8. bxc3 Qa5 9. Qc2 d6 10. 0-0 Nbd7 11. Nb3 Qc7 12. Ba3 b6 13. Rad1 Bb7 14. Rfe1 e5 15. f3 Nc5 16. Bf1 0-0 17. Rd2 Rad8 18. Red1 Bc8 19. Nxc5 dxc5 20. Rxd8 Rxd8 21. Bc1 h6 22. Be3 Be6 23. Rb1 Qc6 24. Qb3 Rb8 25. Qa3 Ra8 26. Qb3 Rb8 27. Qa3 Qc8 28. Be2 a5 29. Rd1 Qc7 30. Qb2 Rd8 31. Rb1 Rb8 32. Rd1 Rd8 33. Rb1 Rb8 34. Rd1 Bd7 35. Qd2 Ba4 36. Qd6 Qxd6 37. Rxd6 Kf8 38. Rxb6 Rxb6 39. Bxc5+ Ke8 40. Bxb6 Kd7 41. Bxa5 Kc6 42. Bb4 Nd7 43. Kf2 Nc5 44. Ke3 Ne6 45. g3 g5 46. Kd2 Kd7 47. a3 Kc6 48. Bd1 Bxd1 49. Kxd1 h5 50. Kd2 g4 51. Ke3 Ng5 52. f4 exf4+ 53. Kxf4 Nh3+ 54. Kf5 Nf2 55. e5 Nd3 56. a4 Kb7 57. a5 1-0

[Event "SVK-chT1W 1718"]
[Site "Slovakia"]
[Date "2017.10.21"]
[Round "1.7"]
[White "Dvorsky, Jozef"]
[Black "Gzib, David"]
[Result "1/2-1/2"]
[WhiteElo "1983"]
[BlackElo "1877"]
[PlyCount "110"]
[EventDate "2017.10.21"]
[EventType "team-tourn"]
[EventRounds "11"]
[EventCountry "SVK"]
[SourceTitle "CBM 181 Extra"]
[Source "ChessBase"]
[SourceDate "2017.12.12"]
[SourceVersion "1"]
[SourceVersionDate "2017.12.12"]
[SourceQuality "1"]
[WhiteTeam "Gabcikovo Russel"]
[BlackTeam "Devinska Nova Ves"]
[WhiteTeamCountry "SVK"]
[BlackTeamCountry "SVK"]

1. e4 c5 2. Nf3 Nc6 3. c4 g6 4. d4 cxd4 5. Nxd4 Bg7 6. Be3 Nf6 7. Nc3 Ng4 8. Qxg4 Nxd4 9. Qd1 e5 10. Qd2 d6 11. Be2 Be6 12. 0-0 0-0 13. Rfe1 a6 14. Rac1 Qd7 15. f3 Rfc8 16. b3 Rab8 17. Bf1 b5 18. Nd5 Bxd5 19. cxd5 Rxc1 20. Rxc1 Rc8 21. Rxc8+ Qxc8 22. Qc1 Qxc1 23. Bxc1 Kf8 24. Bd3 Ke7 25. Kf2 Kd7 26. Be3 Kc7 27. Ke1 b4 28. Kd2 Kb6 29. Bf1 a5 30. Kd3 Kc5 31. g4 Bf6 32. g5 Be7 33. h4 Bf8 34. Bh3 Bg7 35. Bd7 Bh8 36. Be8 f5 37. Bf7 Kb5 38. Bxd4 exd4 39. Bg8 h6 40. Bh7 hxg5 41. hxg5 f4 42. Bxg6 Be5 43. Bf5 Kc5 44. Bh3 Kb5 45. Bf1 Kc5 46. Kd2 Kb6 47. Ke1 Kc7 48. Kf2 Kd8 49. Kg2 Ke7 50. Kh3 Kf7 51. Kg4 Kg6 52. Bb5 Kg7 53. Kf5 Kf7 54. g6+ Ke7 55. Kg5 Kf8 1/2-1/2

[Event "SVK-chT4 A22 1718"]
[Site "Slovakia"]
[Date "2017.10.15"]
[Round "2.3"]
[White "Kincel, Frantisek"]
[Black "Dvorsky, Jozef"]
[Result "0-1"]
[WhiteElo "1832"]
[BlackElo "1981"]
[PlyCount "108"]
[EventDate "2017.10.01"]
[EventType "team-tourn"]
[EventRounds "11"]
[EventCountry "SVK"]
[SourceTitle "EXT 2020"]
[Source "ChessBase"]
[SourceDate "2019.10.17"]
[SourceVersion "1"]
[SourceVersionDate "2019.10.17"]
[SourceQuality "1"]

1. Nf3 c5 2. c4 Nc6 3. Nc3 Nf6 4. g3 g6 5. Bg2 Bg7 6. 0-0 0-0 7. d3 b6 8. Ne5 Bb7 9. Nxc6 Bxc6 10. Bxc6 dxc6 11. Bd2 Qd7 12. Kg2 Rad8 13. Qc1 Rfe8 14. Re1 Qf5 15. h3 h5 16. a4 a5 17. Bh6 Bh8 18. Qf4 Qd7 19. Qf3 Nh7 20. Bd2 e5 21. g4 f5 22. gxf5 Qxf5 23. Ne4 Qxf3+ 24. Kxf3 Rf8+ 25. Kg2 Bf6 26. Nxf6+ Rxf6 27. f3 Rf5 28. Rg1 Nf8 29. Kh2 Kf7 30. Rg2 Ne6 31. Be3 Nf4 32. Bxf4 exf4 33. Kg1 Re8 34. Kf2 Rfe5 35. Re1 Kf6 36. h4 R8e6 37. Rgg1 Re7 38. Rg2 R7e6 39. Rgg1 Ke7 40. Rg5 Rxg5 41. hxg5 Re5 42. Rg1 Ke6 43. Rg2 Kf5 44. Rg1 Re7 45. Rg2 b5 46. b3 bxa4 47. bxa4 Rb7 48. e4+ Ke5 49. Rg1 Rb2+ 50. Kf1 Kd4 51. Rg2 Rb1+ 52. Ke2 Rb3 53. Rg1 Rb2+ 54. Kf1 Ke3 0-1

[Event "SVK-chT1W 1617"]
[Site "Slovakia"]
[Date "2017.03.18"]
[Round "10.6"]
[White "Janos, Jozef"]
[Black "Dvorsky, Jozef"]
[Result "1-0"]
[WhiteElo "2140"]
[BlackElo "1984"]
[PlyCount "59"]
[EventDate "2016.10.15"]
[EventType "team-tourn"]
[EventRounds "11"]
[EventCountry "SVK"]
[SourceTitle "EXT 2019"]
[Source "ChessBase"]
[SourceDate "2018.10.10"]
[SourceVersion "1"]
[SourceVersionDate "2018.10.10"]
[SourceQuality "1"]
[WhiteTeam "Bratislava Slovan II"]
[BlackTeam "Gabcikovo Russel"]
[WhiteTeamCountry "SVK"]
[BlackTeamCountry "SVK"]

1. e4 c5 2. Nf3 Nc6 3. Bb5 g6 4. 0-0 Bg7 5. c3 a6 6. Ba4 b5 7. Bc2 d5 8. d4 c4 9. exd5 Qxd5 10. Bf4 Nf6 11. Re1 0-0 12. Ne5 Bb7 13. f3 Nxe5 14. Bxe5 Qd7 15. Nd2 Rfd8 16. Qe2 Ra7 17. h3 Nd5 18. Bxg7 Kxg7 19. Qe5+ f6 20. Qh2 b4 21. Kh1 bxc3 22. bxc3 Nxc3 23. Nxc4 Bd5 24. Ne3 Bxa2 25. Rxa2 Nxa2 26. Qg3 Qc7 27. Qh4 Qc3 28. Ng4 Qxc2 29. Rxe7+ Rxe7 30. Qxf6+ 1-0

[Event "SVK-chT1W 1617"]
[Site "Slovakia"]
[Date "2017.01.22"]
[Round "7.7"]
[White "Dvorsky, Jozef"]
[Black "Valovic, Stefan"]
[Result "1/2-1/2"]
[WhiteElo "1984"]
[BlackElo "1961"]
[PlyCount "83"]
[EventDate "2016.10.15"]
[EventType "team-tourn"]
[EventRounds "11"]
[EventCountry "SVK"]
[SourceTitle "EXT 2018"]
[Source "ChessBase"]
[SourceDate "2017.10.13"]
[SourceVersion "1"]
[SourceVersionDate "2017.10.13"]
[SourceQuality "1"]
[WhiteTeam "Gabcikovo Russel"]
[BlackTeam "Nitra NSK"]
[WhiteTeamCountry "SVK"]
[BlackTeamCountry "SVK"]

1. e4 c5 2. Nf3 g6 3. c4 Bg7 4. d4 cxd4 5. Nxd4 Nc6 6. Be3 Nh6 7. Be2 0-0 8. Qd2 Nxd4 9. Bxd4 d6 10. h4 f5 11. Bxg7 Kxg7 12. h5 f4 13. hxg6 hxg6 14. f3 Qb6 15. Nc3 Be6 16. g3 Rh8 17. 0-0-0 fxg3 18. Rhg1 Nf7 19. Rxg3 Rh2 20. Rdg1 Ne5 21. b3 Rah8 22. R1g2 Rxg2 23. Rxg2 Rh1+ 24. Kc2 Bf7 25. f4 Nc6 26. f5 Rg1 27. Rh2 g5 28. Bh5 Qc5 29. Ne2 Ra1 30. Qd4+ Qe5 31. Qxe5+ Nxe5 32. Bxf7 Nxf7 33. Nc3 Re1 34. Rg2 Rh1 35. Nd5 Kf8 36. Nc7 Ra1 37. Ne6+ Ke8 38. Kd3 Ne5+ 39. Kc3 g4 40. Rh2 Rc1+ 41. Kb4 Nc6+ 42. Kb5 1/2-1/2

[Event "SVK-chT1W 1617"]
[Site "Slovakia"]
[Date "2016.10.16"]
[Round "2.7"]
[White "Puchart, Vladimir"]
[Black "Dvorsky, Jozef"]
[Result "1/2-1/2"]
[WhiteElo "2056"]
[BlackElo "1984"]
[PlyCount "31"]
[EventDate "2016.10.15"]
[EventType "team-tourn"]
[EventRounds "11"]
[EventCountry "SVK"]
[SourceTitle "CBM 175 Extra"]
[Source "ChessBase"]
[SourceDate "2016.12.12"]
[SourceVersion "1"]
[SourceVersionDate "2016.12.12"]
[SourceQuality "1"]
[WhiteTeam "Trnava Lokomotiva"]
[BlackTeam "Gabcikovo Russel"]
[WhiteTeamCountry "SVK"]
[BlackTeamCountry "SVK"]

1. d4 f5 2. c4 Nf6 3. Nc3 e6 4. g3 d5 5. Nf3 c6 6. Bg2 Bd6 7. 0-0 0-0 8. Bf4 Ne4 9. Qb3 h6 10. Rad1 Bxf4 11. gxf4 Nd7 12. Ne5 Ndf6 13. Ng6 Rf7 14. Rd3 Kh7 15. Ne5 Rc7 16. Qc2 1/2-1/2

[Event "SVK-chT1W 1516"]
[Site "Slovakia"]
[Date "2015.11.15"]
[Round "4.7"]
[White "Novak, Martin"]
[Black "Dvorsky, Jozef"]
[Result "1-0"]
[WhiteElo "1838"]
[BlackElo "2034"]
[PlyCount "135"]
[EventDate "2015.10.24"]
[EventType "team-tourn"]
[EventRounds "11"]
[EventCountry "SVK"]
[SourceTitle "CBM 170 Extra"]
[Source "ChessBase"]
[SourceDate "2016.02.25"]
[SourceVersion "1"]
[SourceVersionDate "2016.02.25"]
[SourceQuality "1"]
[WhiteTeam "Bratislava Lokomotiva"]
[BlackTeam "Gabcikovo"]
[WhiteTeamCountry "SVK"]
[BlackTeamCountry "SVK"]

1. Nf3 c5 2. g3 Nc6 3. Bg2 d5 4. d3 e5 5. 0-0 Nf6 6. Bg5 Be7 7. Nc3 Be6 8. e4 d4 9. Ne2 c4 10. Nh4 cxd3 11. cxd3 h6 12. Bc1 g5 13. Nf5 Bxf5 14. exf5 Qb6 15. Kh1 0-0-0 16. Qc2 Nd5 17. a3 Kb8 18. Bd2 g4 19. Rfd1 h5 20. Rac1 f6 21. Qc4 e4 22. Bxe4 Ne5 23. Qxd4 Qxd4 24. Nxd4 h4 25. Ne6 Rd7 26. Kg2 Nb6 27. Bf4 Bd6 28. Nc5 Rdh7 29. Rh1 Nbc4 30. dxc4 Bxc5 31. b4 h3+ 32. Kf1 Bd4 33. Rd1 Bb2 34. a4 Re7 35. Rd5 Ka8 36. Bxe5 Bxe5 37. f3 Bc3 38. Kf2 Bxb4 39. Rhd1 a5 40. Rd7 Rhh7 41. Bxb7+ Kb8 42. Bc6 Bc5+ 43. Kf1 Rxd7 44. Rxd7 Rxd7 45. Bxd7 Kc7 46. Be8 gxf3 47. Bh5 f2 48. Bg4 Kd6 49. Bxh3 Ke5 50. Bg4 Ke4 51. Ke2 Be3 52. Bh3 Bc5 53. Bg4 Be3 54. h4 Kd4 55. Bh3 Bh6 56. Kxf2 Kxc4 57. Bf1+ Kd4 58. Kf3 Bc1 59. Kg4 Ke4 60. Bg2+ Ke5 61. Bh3 Ke4 62. Bf1 Bd2 63. Be2 Bc1 64. Bd1 Ke3 65. Kh5 Kf2 66. g4 Kg3 67. g5 Ba3 68. gxf6 1-0

[Event "SVK-chT1W 1415"]
[Site "Slovakia"]
[Date "2014.11.30"]
[Round "4.2"]
[White "Dvorsky, Jozef"]
[Black "Mikusik, Marian"]
[Result "1-0"]
[WhiteElo "2018"]
[BlackElo "2110"]
[PlyCount "113"]
[EventDate "2014.10.18"]
[EventType "team-tourn"]
[EventRounds "11"]
[EventCountry "SVK"]
[SourceTitle "EXT 2016"]
[Source "ChessBase"]
[SourceDate "2015.10.08"]
[SourceVersion "1"]
[SourceVersionDate "2015.10.08"]
[SourceQuality "1"]
[WhiteTeam "Gabcikovo Russel"]
[BlackTeam "Povazska Bystrica SK Sparta"]
[WhiteTeamCountry "SVK"]
[BlackTeamCountry "SVK"]

1. e4 e6 2. d4 d5 3. e5 c5 4. c3 Nc6 5. Nf3 Bd7 6. Be3 Qb6 7. Qd2 f6 8. Bd3 fxe5 9. dxe5 Qc7 10. Bf4 g6 11. 0-0 Bg7 12. Re1 Nge7 13. Na3 a6 14. b4 0-0 15. b5 Nd8 16. bxa6 Qa5 17. axb7 Rb8 18. Nc2 c4 19. Bf1 Nxb7 20. Ncd4 Nc5 21. Ng5 h6 22. Nh3 g5 23. Bg3 Ne4 24. Rxe4 dxe4 25. Bxc4 Nd5 26. Rc1 Rfc8 27. Nb3 Qa8 28. Bxd5 Qxd5 29. Qxd5 exd5 30. e6 Bxe6 31. Bxb8 Rxb8 32. Kf1 Rc8 33. Ng1 Bd7 34. Ne2 Bb5 35. Ke1 Ra8 36. Ned4 Bd3 37. Ra1 e3 38. fxe3 Bc4 39. Nd2 Bd3 40. a4 g4 41. N2b3 Be5 42. h3 h5 43. a5 Be4 44. Ra2 Rf8 45. a6 Bg3+ 46. Kd2 Bxg2 47. hxg4 h4 48. a7 Ra8 49. Nf5 Be4 50. Nbd4 Kh7 51. Ra6 Bg2 52. Ke2 Kg8 53. Nxg3 hxg3 54. Nf5 d4 55. exd4 Bb7 56. Rg6+ Kf7 57. Rg7+ 1-0

[Event "SVK-chT2A 1314"]
[Site "Slovakia"]
[Date "2014.03.16"]
[Round "11.5"]
[White "Dvorsky, Jozef"]
[Black "Faltan, Peter"]
[Result "1/2-1/2"]
[WhiteElo "2013"]
[BlackElo "1988"]
[PlyCount "34"]
[EventDate "2013.10.19"]
[EventType "team-tourn"]
[EventRounds "11"]
[EventCountry "SVK"]
[SourceTitle "EXT 2015"]
[Source "ChessBase"]
[SourceDate "2014.11.20"]
[SourceVersion "1"]
[SourceVersionDate "2014.11.20"]
[SourceQuality "1"]
[WhiteTeam "Gabcikovo"]
[BlackTeam "Krasnany"]
[WhiteTeamCountry "SVK"]
[BlackTeamCountry "SVK"]

1. e4 e5 2. Nf3 Nf6 3. Nxe5 d6 4. Nf3 Nxe4 5. d4 d5 6. Bd3 Bf5 7. 0-0 Be7 8. Re1 0-0 9. c4 c6 10. Nc3 Nxc3 11. bxc3 Bxd3 12. Qxd3 Bf6 13. Ba3 Re8 14. Rxe8+ Qxe8 15. cxd5 cxd5 16. Re1 Qc6 17. h3 Nd7 1/2-1/2

[Event "SVK-chT2A 1314"]
[Site "Slovakia"]
[Date "2014.02.23"]
[Round "9.7"]
[White "Pericka, Tomas"]
[Black "Dvorsky, Jozef"]
[Result "1/2-1/2"]
[WhiteElo "1994"]
[BlackElo "2013"]
[PlyCount "119"]
[EventDate "2013.10.19"]
[EventType "team-tourn"]
[EventRounds "11"]
[EventCountry "SVK"]
[SourceTitle "EXT 2015"]
[Source "ChessBase"]
[SourceDate "2014.11.20"]
[SourceVersion "1"]
[SourceVersionDate "2014.11.20"]
[SourceQuality "1"]
[WhiteTeam "Osuske II"]
[BlackTeam "Gabcikovo"]
[WhiteTeamCountry "SVK"]
[BlackTeamCountry "SVK"]

1. e4 c5 2. Nf3 Nc6 3. Bb5 g6 4. 0-0 Bg7 5. c3 a6 6. Ba4 b5 7. Bc2 d5 8. d4 cxd4 9. cxd4 Bg4 10. Be3 Rc8 11. exd5 Qxd5 12. Bb3 Qh5 13. d5 Ne5 14. Nbd2 Bxf3 15. Nxf3 Nxf3+ 16. gxf3 Be5 17. f4 Qxd1 18. Raxd1 Bd6 19. Rc1 Ra8 20. Rc6 Nh6 21. Bd4 Rg8 22. Be5 Kd7 23. Bc2 Rgc8 24. Be4 f5 25. Bf3 Nf7 26. Re1 Nd8 27. Rxd6+ exd6 28. Bf6 Kc7 29. Re7+ Kb8 30. Rd7 Nb7 31. Rxh7 Rg8 32. Bd4 Kc8 33. Bb6 Kb8 34. a4 bxa4 35. Bd1 a5 36. Bc7+ Kc8 37. Bxa4 Nc5 38. Bb5 Ra7 39. Bxd6 Rxh7 40. Bxc5 Rd8 41. d6 Kb7 42. b4 axb4 43. Bxb4 Kb6 44. Bc4 Rh4 45. Bd2 Rxd6 46. Be3+ Kc6 47. Kg2 g5 48. Kg3 Rg4+ 49. Kf3 Rxf4+ 50. Bxf4 gxf4 51. Bg8 Rd2 52. Be6 Kd6 53. Bxf5 Ke5 54. Bc8 Rc2 55. Bb7 Rb2 56. Ba8 Kf5 57. Bc6 Rb3+ 58. Kg2 Kg4 59. Bd7+ Kh4 60. Bc6 1/2-1/2

[Event "SVK-chT4 A22 1314"]
[Site "Slovakia"]
[Date "2014.02.09"]
[Round "8.5"]
[White "Drgon, Matus"]
[Black "Dvorsky, Jozef"]
[Result "1/2-1/2"]
[WhiteElo "1712"]
[BlackElo "2013"]
[PlyCount "81"]
[EventDate "2013.10.06"]
[EventType "team-tourn"]
[EventRounds "11"]
[EventCountry "SVK"]
[SourceTitle "EXT 2015"]
[Source "ChessBase"]
[SourceDate "2014.11.20"]
[SourceVersion "1"]
[SourceVersionDate "2014.11.20"]
[SourceQuality "1"]
[WhiteTeam "Hlohovec II"]
[BlackTeam "Gabcikovo Russel II"]
[WhiteTeamCountry "SVK"]
[BlackTeamCountry "SVK"]

1. d4 f5 2. c4 Nf6 3. Nc3 e6 4. g3 d5 5. cxd5 exd5 6. Bg2 c6 7. Nf3 Bd6 8. 0-0 0-0 9. Ne1 Nbd7 10. Nd3 Ne4 11. f3 Ng5 12. e4 fxe4 13. fxe4 Rxf1+ 14. Qxf1 Nxe4 15. Nxe4 dxe4 16. Bxe4 Nf6 17. Bf5 Qb6 18. Nc5 Bxc5 19. Qc4+ Nd5 20. dxc5 Qa5 21. Bxc8 Rxc8 22. Bf4 Re8 23. Rf1 Re1 24. Bd6 Rxf1+ 25. Qxf1 Qd8 26. a3 Qe8 27. Qf2 h6 28. h4 Qe4 29. b4 Ne3 30. Qe2 Qd4 31. Kh2 Kh7 32. Bf4 Nc4 33. a4 a5 34. b5 Qxc5 35. Qd3+ Kg8 36. Qd8+ Qf8 37. Qd7 cxb5 38. Qxb5 Qf7 39. Qc5 Kh7 40. Qd4 Qe6 41. Qd3+ 1/2-1/2